Hazbin Hotel characters from memory - Statistics

General Stats
  • This quiz has been taken 298 times
  • The average score is 17 of 20
Answer Stats
Answer % Correct
Charlie
100%
Husk
98%
Vaggie
98%
Angeldust
96%
Vox
96%
Adam
95%
Alastor
95%
Valentino
95%
Lute
93%
Emily
91%
Velvette
90%
Nifty
89%
Lucifer
88%
Sera
87%
Sir Pentious
83%
Rosie
80%
Carmilla
75%
Cherri Bomb
67%
Zestial
62%
Abel
51%
No matching quizzes found
Score Distribution
Percent of People with Each Score
Percentile by Number Answered
Your Score History
You have not taken this quiz